000 00820cam a2200205 i 4500
005 20260122102901.0
008 250721s2019 le gr 000 0 ara d
020 _a9786144365397
082 1 4 _a344.042
_bف ا ض
100 1 _aفاضل، محمد طاهر
_eمؤلف.
245 1 2 _aالمسؤولية المدنية لشركات الادوية ومراكز البحوث عن التجارب الطبية غير العلاجية :
_bدراسة مقارنة /
_cسولين محمد طاهر فاضل.
250 _aالطبعة الأولى.
264 3 1 _aلبنان :
_bمنشورات زين الحقوقيه،
_c2019.
300 _a224 صفحة.
650 1 7 _aالقانون.
650 1 7 _aمراقبة الانتاج.
650 1 7 _aالادوية.
942 _2ddc
_cBK
999 _c141190
_d141190